[Event "NB2 Asztalos csoport"]
[Site "Szentlorinc"]
[Date "2024.12.15"]
[Round "4.7"]
[White "Mihalecz, Attila"]
[Black "Hovorka, Tamas"]
[Result "0-1"]
[WhiteElo "1912"]
[BlackElo "2050"]
[PlyCount "36"]
[GameId "2123717191418150"]
[EventDate "2024.11.03"]
[EventType "team-tourn"]
[EventRounds "9"]
[EventCountry "HUN"]
[Source "chess.hu"]
[WhiteTeam "Kaposvari Bastya SE"]
[BlackTeam "Szentlorinc SE"]
[WhiteTeamCountry "HUN"]
[BlackTeamCountry "HUN"]

1. e4 g6 2. Nc3 d6 3. Be2 Bg7 4. g4 e5 5. h4 Nc6 6. d3 Be6 7. g5 Qd7 8. Nd5 O-O-O 9. c3 f5 10. gxf6 Nxf6 11. Bg5 Rdf8 12. Nxf6 Bxf6 13. Nh3 h6 14. Bxf6 Rxf6 15. Ng1 Rhf8 16. f3 Rf4 17. d4 exd4 18. cxd4 d5 0-1

[Event "NB2 Asztalos csoport"]
[Site "Szentlorinc"]
[Date "2024.12.15"]
[Round "4.8"]
[White "Horvath, Gergely"]
[Black "Szotak, Laszlo"]
[Result "1-0"]
[WhiteElo "1964"]
[BlackElo "1928"]
[PlyCount "43"]
[GameId "2123717140091155"]
[EventDate "2024.11.03"]
[EventType "team-tourn"]
[EventRounds "9"]
[EventCountry "HUN"]
[Source "chess.hu"]
[WhiteTeam "Szentlorinc SE"]
[BlackTeam "Kaposvari Bastya SE"]
[WhiteTeamCountry "HUN"]
[BlackTeamCountry "HUN"]

1. d4 f5 2. g4 fxg4 3. e4 d6 4. h3 g3 5. fxg3 Nf6 6. Bd3 Nc6 7. Nf3 e5 8. c3 g6 9. Qb3 h6 10. Be3 Bd7 11. Nbd2 b6 12. O-O-O a5 13. dxe5 dxe5 14. Bb5 Qe7 15. Qc4 Nb8 16. Bxd7+ Nbxd7 17. Qxc7 Qd6 18. Qc4 Kd8 19. Qb5 Qe6 20. Nc4 Bg7 21. Nfxe5 Rc8 22. Rd6 1-0

[Event "NB2 Asztalos csoport"]
[Site "Szentlorinc"]
[Date "2024.12.15"]
[Round "4.9"]
[White "Marcsingo, Jozsef"]
[Black "Jerant, Gyorgy"]
[Result "0-1"]
[WhiteElo "1770"]
[BlackElo "1952"]
[PlyCount "56"]
[GameId "2123717093359875"]
[EventDate "2024.11.03"]
[EventType "team-tourn"]
[EventRounds "9"]
[EventCountry "HUN"]
[Source "chess.hu"]
[WhiteTeam "Kaposvari Bastya SE"]
[BlackTeam "Szentlorinc SE"]
[WhiteTeamCountry "HUN"]
[BlackTeamCountry "HUN"]

1. e4 c5 2. Nf3 Nc6 3. d4 cxd4 4. Nxd4 Nf6 5. Nc3 e6 6. a3 d5 7. Bb5 Bd7 8. exd5 Nxd5 9. Nxd5 exd5 10. O-O Be7 11. Nxc6 bxc6 12. Bd3 O-O 13. Re1 Bf6 14. c3 Qb6 15. Qc2 g6 16. Be3 Qc7 17. Bd4 Bxd4 18. cxd4 Qb6 19. Qc3 a5 20. Re7 Be6 21. Rb1 Rfb8 22. Qc5 Qxc5 23. dxc5 Rb3 24. Bc2 Rb5 25. Ba4 Rxc5 26. Rc7 Ra6 27. Kf1 Rb6 28. Ra7 Bf5 0-1

[Event "NB2 Asztalos csoport"]
[Site "Szentlorinc"]
[Date "2024.12.15"]
[Round "4.10"]
[White "Konya, Attila"]
[Black "Illes, Attila Dr."]
[Result "1/2-1/2"]
[WhiteElo "1881"]
[BlackElo "1919"]
[PlyCount "53"]
[GameId "2123717024653555"]
[EventDate "2024.11.03"]
[EventType "team-tourn"]
[EventRounds "9"]
[EventCountry "HUN"]
[Source "chess.hu"]
[WhiteTeam "Szentlorinc SE"]
[BlackTeam "Kaposvari Bastya SE"]
[WhiteTeamCountry "HUN"]
[BlackTeamCountry "HUN"]

1. e4 c6 2. d4 d5 3. Nc3 dxe4 4. Nxe4 Bf5 5. Ng3 Bg6 6. h4 h6 7. Nf3 Nd7 8. h5 Bh7 9. Bd3 Bxd3 10. Qxd3 Ngf6 11. Bf4 e6 12. O-O-O Qa5 13. Kb1 O-O-O 14. Bd2 Qc7 15. Ne4 Nxe4 16. Qxe4 Nf6 17. Qe2 Bd6 18. g3 Rhe8 19. c4 c5 20. Bc3 b6 21. Ne5 cxd4 22. Bxd4 Bxe5 23. Bxe5 Qc6 24. f3 Rxd1+ 25. Qxd1 Rd8 26. Qe2 Qd7 27. Kc2 1/2-1/2

[Event "NB2 Asztalos csoport"]
[Site "Szentlorinc"]
[Date "2024.12.15"]
[Round "4.11"]
[White "Feher, Koppany"]
[Black "Fabian, Zsombor"]
[Result "0-1"]
[WhiteElo "1718"]
[BlackElo "1795"]
[PlyCount "99"]
[GameId "2123716983042275"]
[EventDate "2024.11.03"]
[EventType "team-tourn"]
[EventRounds "9"]
[EventCountry "HUN"]
[Source "chess.hu"]
[WhiteTeam "Kaposvari Bastya SE"]
[BlackTeam "Szentlorinc SE"]
[WhiteTeamCountry "HUN"]
[BlackTeamCountry "HUN"]

1. d4 Nf6 2. c4 g6 3. Nc3 d5 4. Nf3 Bg7 5. e3 O-O 6. cxd5 Nxd5 7. Bc4 Nxc3 8. bxc3 c5 9. O-O Nc6 10. Ba3 cxd4 11. cxd4 Bg4 12. h3 Bf5 13. Bd3 Bxd3 14. Qxd3 Re8 15. Rab1 Rb8 16. Rfc1 Qd5 17. Qb3 Qxb3 18. Rxb3 e6 19. Bd6 Rbd8 20. Bc7 Rd7 21. Rxb7 Ne7 22. Rb8 Rxb8 23. Bxb8 a6 24. Ne5 Bxe5 25. Bxe5 f5 26. Rb1 Nc6 27. Rb6 Nxe5 28. dxe5 Ra7 29. Rxe6 Kf7 30. Rd6 a5 31. Kf1 a4 32. Ke2 Rb7 33. Rd2 Ke6 34. f4 g5 35. Kf3 gxf4 36. exf4 Rc7 37. Ke3 h5 38. Rd6+ Ke7 39. Ra6 Rc3+ 40. Kd4 Ra3 41. Rh6 Rxa2 42. Rxh5 a3 43. Rh7+ Ke6 44. Rh6+ Ke7 45. Ra6 Rf2 46. Ke3 Rxg2 47. Rxa3 Rg3+ 48. Kd4 Rxa3 49. Kd5 Rxh3 50. e6 0-1

[Event "NB2 Asztalos csoport"]
[Site "Szentlorinc"]
[Date "2024.12.15"]
[Round "4.12"]
[White "Antal, Daniel"]
[Black "Schlegl, Peter"]
[Result "1-0"]
[WhiteElo "1639"]
[BlackElo "1716"]
[PlyCount "69"]
[GameId "2123716939923667"]
[EventDate "2024.11.03"]
[EventType "team-tourn"]
[EventRounds "9"]
[EventCountry "HUN"]
[Source "chess.hu"]
[WhiteTeam "Szentlorinc SE"]
[BlackTeam "Kaposvari Bastya SE"]
[WhiteTeamCountry "HUN"]
[BlackTeamCountry "HUN"]

1. c4 c6 2. Nc3 Nf6 3. g3 g6 4. Bg2 e6 5. d4 d5 6. cxd5 cxd5 7. Nf3 Nc6 8. O-O Bg7 9. Bf4 a6 10. Bg5 h6 11. Bxf6 Qxf6 12. e3 O-O 13. Rc1 Bd7 14. Na4 Qd8 15. Nc5 b6 16. Nxd7 Qxd7 17. Qb3 b5 18. Rc5 Rfc8 19. Rfc1 Na5 20. Qb4 Rxc5 21. Rxc5 Bf8 22. Qxa5 Bxc5 23. dxc5 Qd8 24. Qc3 Qc7 25. Ne5 Rc8 26. b4 Ra8 27. Ng4 h5 28. Nf6+ Kf8 29. Nxd5 exd5 30. Qh8+ Ke7 31. Qxa8 Qe5 32. Qxd5 Qa1+ 33. Bf1 Qb2 34. Qd6+ Ke8 35. c6 1-0

[Event "NB2 Asztalos csoport"]
[Site "Decs"]
[Date "2024.12.15"]
[Round "4.1"]
[White "Haszon, David"]
[Black "Papp, Tamas"]
[Result "1-0"]
[WhiteElo "2246"]
[BlackElo "2256"]
[PlyCount "63"]
[GameId "2123390954371064"]
[EventDate "2024.11.03"]
[EventType "team-tourn"]
[EventRounds "9"]
[EventCountry "HUN"]
[Source "chess.hu"]
[WhiteTeam "Marcali VSZSE"]
[BlackTeam "Decs 1990"]
[WhiteTeamCountry "HUN"]
[BlackTeamCountry "HUN"]

1. d4 d6 2. e4 Nf6 3. Nc3 Nbd7 4. f4 e5 5. Nf3 exd4 6. Qxd4 g6 7. e5 dxe5 8. fxe5 Bc5 9. Qa4 Nh5 10. Bg5 Be7 11. Bxe7 Qxe7 12. g4 Ng7 13. Nd5 Qc5 14. Nf6+ Ke7 15. O-O-O Nb6 16. Qf4 Ne6 17. Qh6 Bd7 18. Ne4 Qc6 19. Qh4+ Kf8 20. Bd3 h6 21. Rhf1 Nd5 22. Qf2 Qb6 23. Nd4 Rh7 24. Bc4 Nef4 25. Nf6 Nxf6 26. Qxf4 Ng8 27. Bxf7 g5 28. Qf3 Bxg4 29. Qxg4 Rxf7 30. Rxf7+ Kxf7 31. Qd7+ Kg6 32. Rf1 1-0

[Event "NB2 Asztalos csoport"]
[Site "Decs"]
[Date "2024.12.15"]
[Round "4.2"]
[White "Taskovits, Istvan"]
[Black "Toth, Daniel"]
[Result "0-1"]
[WhiteElo "2339"]
[BlackElo "2111"]
[PlyCount "52"]
[GameId "2123390993549320"]
[EventDate "2024.11.03"]
[EventType "team-tourn"]
[EventRounds "9"]
[EventCountry "HUN"]
[Source "chess.hu"]
[WhiteTeam "Decs 1990"]
[BlackTeam "Marcali VSZSE"]
[WhiteTeamCountry "HUN"]
[BlackTeamCountry "HUN"]

1. c4 Nf6 2. Nf3 g6 3. Nc3 d5 4. cxd5 Nxd5 5. h4 h6 6. Qb3 c6 7. e4 Nb6 8. d4 Bg7 9. Be3 Be6 10. Qc2 Nc4 11. Bf4 Qa5 12. Be2 Nd7 13. O-O O-O 14. Rfd1 Rac8 15. a3 Nd6 16. b4 Qh5 17. g3 Bg4 18. Kg2 Nb5 19. Rd3 Rfd8 20. Nxb5 cxb5 21. Bc7 Nb6 22. Rc1 Rd7 23. Rc3 Na4 24. Bxb5 Nxc3 25. Bxd7 Bxf3+ 26. Kh2 Rxc7 0-1

[Event "NB2 Asztalos csoport"]
[Site "Decs"]
[Date "2024.12.15"]
[Round "4.3"]
[White "Link, Ulrich"]
[Black "Kiss, Lajos"]
[Result "0-1"]
[WhiteElo "2064"]
[BlackElo "2161"]
[PlyCount "108"]
[GameId "2123391039563812"]
[EventDate "2024.11.03"]
[EventType "team-tourn"]
[EventRounds "9"]
[EventCountry "HUN"]
[Source "chess.hu"]
[WhiteTeam "Marcali VSZSE"]
[BlackTeam "Decs 1990"]
[WhiteTeamCountry "HUN"]
[BlackTeamCountry "HUN"]

1. d4 Nf6 2. Nc3 d5 3. Bg5 Nbd7 4. Nf3 h6 5. Bf4 e6 6. Nb5 Bb4+ 7. c3 Ba5 8. a4 a6 9. Na3 g5 10. Be3 Ne4 11. Nd2 Ndf6 12. Nxe4 Nxe4 13. f3 Nd6 14. Qc1 f5 15. b4 Bb6 16. c4 Nxc4 17. Nxc4 dxc4 18. Qxc4 Qd5 19. Rc1 c6 20. g3 Qxc4 21. Rxc4 e5 22. h4 Be6 23. Rc1 exd4 24. Bd2 g4 25. Bg2 Bd5 26. O-O O-O-O 27. b5 axb5 28. axb5 d3+ 29. e3 gxf3 30. Bxf3 Kc7 31. bxc6 bxc6 32. Kf2 Rhe8 33. Rc3 Bxf3 34. Kxf3 Ba5 35. Rxc6+ Kxc6 36. Bxa5 Ra8 37. Bc3 Kd5 38. Bd4 Ra2 39. Rd1 Kc4 40. Kf4 d2 41. Kxf5 Kd3 42. g4 Ke2 43. Rh1 d1=Q 44. Rxd1 Kxd1 45. g5 Ra6 46. Kf4 Ke2 47. Kg4 Ree6 48. Kf4 Kd3 49. Kf5 Kc4 50. Kf4 Kd5 51. Kf5 Re8 52. Kg4 Ke4 53. Kh5 hxg5 54. hxg5 Kf5 0-1

[Event "NB2 Asztalos csoport"]
[Site "Decs"]
[Date "2024.12.15"]
[Round "4.4"]
[White "Nagybiro, Laszlo"]
[Black "Haszon, Abel"]
[Result "1/2-1/2"]
[WhiteElo "2115"]
[BlackElo "1961"]
[PlyCount "58"]
[GameId "2123391091497012"]
[EventDate "2024.11.03"]
[EventType "team-tourn"]
[EventRounds "9"]
[EventCountry "HUN"]
[Source "chess.hu"]
[WhiteTeam "Decs 1990"]
[BlackTeam "Marcali VSZSE"]
[WhiteTeamCountry "HUN"]
[BlackTeamCountry "HUN"]

1. d4 d5 2. c4 e6 3. Nc3 c6 4. Nf3 f5 5. Ne5 Nf6 6. Bg5 Be7 7. e4 O-O 8. exf5 exf5 9. cxd5 Nxd5 10. Bxe7 Qxe7 11. Bc4 Be6 12. Bxd5 cxd5 13. O-O Nc6 14. Re1 Rad8 15. Nxc6 bxc6 16. Na4 Qf6 17. Nc5 Bf7 18. f4 Rfe8 19. Re5 Rxe5 20. fxe5 Qh4 21. Qa4 f4 22. Rf1 Bh5 23. Ne6 f3 24. Nxd8 Qe4 25. Qa3 Qxd4+ 26. Kh1 Qc4 27. Kg1 Qd4+ 28. Kh1 Qc4 29. Kg1 Qd4+ 1/2-1/2

[Event "NB2 Asztalos csoport"]
[Site "Decs"]
[Date "2024.12.15"]
[Round "4.5"]
[White "Jankovics, Emod"]
[Black "Gal, Peter"]
[Result "0-1"]
[WhiteElo "1802"]
[BlackElo "2060"]
[PlyCount "92"]
[GameId "2123391132227652"]
[EventDate "2024.11.03"]
[EventType "team-tourn"]
[EventRounds "9"]
[EventCountry "HUN"]
[Source "chess.hu"]
[WhiteTeam "Marcali VSZSE"]
[BlackTeam "Decs 1990"]
[WhiteTeamCountry "HUN"]
[BlackTeamCountry "HUN"]

1. d4 d5 2. Nf3 Nf6 3. Bf4 c5 4. e3 Nc6 5. Nbd2 e6 6. c3 Bd6 7. Bg3 O-O 8. Bb5 a6 9. Bxc6 bxc6 10. Qa4 Bb7 11. Bxd6 Qxd6 12. Qa3 a5 13. Qxc5 Qxc5 14. dxc5 a4 15. O-O Nd7 16. b4 axb3 17. Nxb3 Ra3 18. Rfb1 Rfa8 19. Rb2 e5 20. Na5 R3xa5 21. Rxb7 Nxc5 22. Rc7 Nb3 23. Rb1 Rxa2 24. Rb7 Rb2 25. Rxb3 Rxb3 26. Rd1 e4 27. Nd4 Rxc3 28. h3 g6 29. Rb1 Ra2 30. Rb8+ Kg7 31. Rb7 Rc1+ 32. Kh2 Rxf2 33. Kg3 Rf6 34. Rc7 Rc3 35. Kh2 Rxe3 36. h4 Rd3 37. Ne2 Rf2 38. Ng3 Rdd2 39. Kh1 e3 40. h5 e2 41. Nxe2 Rdxe2 42. hxg6 hxg6 43. Rxc6 Rf6 44. Rc7 Rd6 45. g4 d4 46. g5 d3 0-1

[Event "NB2 Asztalos csoport"]
[Site "Decs"]
[Date "2024.12.15"]
[Round "4.6"]
[White "Horvath, Balazs"]
[Black "Bihary, Soma Botond"]
[Result "0-1"]
[WhiteElo "2072"]
[BlackElo "1741"]
[PlyCount "48"]
[GameId "2123391182518356"]
[EventDate "2024.11.03"]
[EventType "team-tourn"]
[EventRounds "9"]
[EventCountry "HUN"]
[Source "chess.hu"]
[WhiteTeam "Decs 1990"]
[BlackTeam "Marcali VSZSE"]
[WhiteTeamCountry "HUN"]
[BlackTeamCountry "HUN"]

1. e4 c5 2. Nf3 e6 3. c4 Nc6 4. Nc3 g6 5. Be2 Bg7 6. O-O Nge7 7. d3 O-O 8. h3 f5 9. exf5 Nxf5 10. Rb1 b6 11. Bg5 Qe8 12. Nd2 Bb7 13. Nb5 Qb8 14. Ne4 d5 15. Nec3 h6 16. cxd5 exd5 17. Bd2 a6 18. Nxd5 axb5 19. Nxb6 Qd8 20. Nxa8 Ncd4 21. Re1 Nh4 22. f3 Ndxf3+ 23. Bxf3 Nxf3+ 24. Kh1 Qd6 0-1

[Event "NB2 Asztalos csoport"]
[Site "Decs"]
[Date "2024.12.15"]
[Round "4.7"]
[White "Mike, Janos"]
[Black "B.Garai, Lehel"]
[Result "1/2-1/2"]
[WhiteElo "1889"]
[BlackElo "1926"]
[PlyCount "57"]
[GameId "2123391301711972"]
[EventDate "2024.11.03"]
[EventType "team-tourn"]
[EventRounds "9"]
[EventCountry "HUN"]
[Source "chess.hu"]
[WhiteTeam "Marcali VSZSE"]
[BlackTeam "Decs 1990"]
[WhiteTeamCountry "HUN"]
[BlackTeamCountry "HUN"]

1. c4 Nf6 2. Nc3 g6 3. g3 Bg7 4. Bg2 O-O 5. d4 d6 6. Nf3 Nc6 7. O-O Bg4 8. h3 Bxf3 9. Bxf3 Nd7 10. e3 e5 11. d5 Ne7 12. e4 f5 13. Bg5 h6 14. Bxe7 Qxe7 15. Kg2 Nf6 16. Qe2 Rf7 17. b4 Raf8 18. Rac1 f4 19. g4 h5 20. g5 Nh7 21. h4 Nxg5 22. hxg5 Qxg5+ 23. Kh2 Qh4+ 24. Kg2 Qg5+ 25. Kh3 Qh6 26. Rh1 g5 27. Rcg1 g4+ 28. Kg2 h4 29. Kf1 1/2-1/2

[Event "NB2 Asztalos csoport"]
[Site "Decs"]
[Date "2024.12.15"]
[Round "4.8"]
[White "Balazs, Imre"]
[Black "Horvath, Jozsef"]
[Result "1/2-1/2"]
[WhiteElo "2005"]
[BlackElo "1886"]
[PlyCount "41"]
[GameId "2123391455463554"]
[EventDate "2024.11.03"]
[EventType "team-tourn"]
[EventRounds "9"]
[EventCountry "HUN"]
[Source "chess.hu"]
[WhiteTeam "Decs 1990"]
[BlackTeam "Marcali VSZSE"]
[WhiteTeamCountry "HUN"]
[BlackTeamCountry "HUN"]

1. e4 c5 2. c3 d6 3. d4 cxd4 4. cxd4 Nf6 5. Nc3 a6 6. Nf3 b5 7. a3 Bb7 8. Bd3 e6 9. O-O Be7 10. h3 O-O 11. Be3 Nbd7 12. Qe2 Rc8 13. Rfd1 h6 14. Rac1 Nb6 15. e5 Nfd5 16. Nxd5 Bxd5 17. Bf4 Bc4 18. Qe4 Bxd3 19. Qxd3 d5 20. Bd2 Nc4 21. Bc3 1/2-1/2

[Event "NB2 Asztalos csoport"]
[Site "Decs"]
[Date "2024.12.15"]
[Round "4.9"]
[White "Palotas, Karoly"]
[Black "Barbarics, Tamas"]
[Result "0-1"]
[WhiteElo "1878"]
[BlackElo "1991"]
[PlyCount "90"]
[GameId "2123391496796310"]
[EventDate "2024.11.03"]
[EventType "team-tourn"]
[EventRounds "9"]
[EventCountry "HUN"]
[Source "chess.hu"]
[WhiteTeam "Marcali VSZSE"]
[BlackTeam "Decs 1990"]
[WhiteTeamCountry "HUN"]
[BlackTeamCountry "HUN"]

1. Nf3 c5 2. g3 Nc6 3. Bg2 g6 4. d3 Bg7 5. c3 e5 6. Nbd2 Nge7 7. Qc2 d6 8. b3 Qc7 9. Bb2 O-O 10. O-O Bd7 11. Rfe1 Rac8 12. a3 b5 13. a4 b4 14. c4 f5 15. Rad1 Rce8 16. e3 Nd8 17. Ng5 Bc6 18. Ngf3 Qb7 19. e4 f4 20. g4 Bd7 21. h3 Qc8 22. Nh2 Nec6 23. Ndf3 Nf7 24. Kf1 Bf6 25. Ke2 h5 26. Rg1 hxg4 27. hxg4 Kg7 28. Bh1 Rh8 29. Rg2 Rh3 30. Ng1 Rh7 31. f3 Reh8 32. Kf1 Bh4 33. Rdd2 Bg3 34. Qd1 Rxh2 35. Rxh2 Rxh2 36. Rxh2 Bxh2 37. Nh3 Qh8 38. Bg2 Bg3 39. Qd2 Qh6 40. Ke2 Kf8 41. Qd1 Ng5 42. Qh1 Nxh3 43. Qxh3 Qxh3 44. Bxh3 Na5 45. Kd2 Nxb3+ 0-1

[Event "NB2 Asztalos csoport"]
[Site "Decs"]
[Date "2024.12.15"]
[Round "4.10"]
[White "Werner, Anna"]
[Black "Nador, Zoltan"]
[Result "1-0"]
[WhiteElo "1985"]
[BlackElo "1850"]
[PlyCount "67"]
[GameId "2123391531784360"]
[EventDate "2024.11.03"]
[EventType "team-tourn"]
[EventRounds "9"]
[EventCountry "HUN"]
[Source "chess.hu"]
[WhiteTeam "Decs 1990"]
[BlackTeam "Marcali VSZSE"]
[WhiteTeamCountry "HUN"]
[BlackTeamCountry "HUN"]

1. d4 f5 2. Bg5 d6 3. e3 Nf6 4. Bxf6 exf6 5. Bd3 g6 6. Ne2 Bg7 7. Nf4 c6 8. d5 Qe7 9. Nc3 Bh6 10. O-O O-O 11. Qf3 Bxf4 12. exf4 Bd7 13. Rfe1 Qf7 14. dxc6 Nxc6 15. Nb5 Rab8 16. Nxd6 Qg7 17. Bc4+ Kh8 18. Rad1 Na5 19. Nf7+ Rxf7 20. Bxf7 Qxf7 21. Qd5 Qxd5 22. Rxd5 Ba4 23. Rxa5 Bxc2 24. Rxa7 Be4 25. f3 Bc6 26. Re7 Kg8 27. b4 Rd8 28. Kf2 h5 29. a4 Kf8 30. Rh7 Kg8 31. Rc7 Rd2+ 32. Ke3 Rd8 33. b5 Bd5 34. a5 1-0

[Event "NB2 Asztalos csoport"]
[Site "Decs"]
[Date "2024.12.15"]
[Round "4.11"]
[White "Dan, Daniel"]
[Black "Forster, Tamas"]
[Result "1-0"]
[WhiteElo "1863"]
[BlackElo "1986"]
[PlyCount "77"]
[GameId "2123391565592760"]
[EventDate "2024.11.03"]
[EventType "team-tourn"]
[EventRounds "9"]
[EventCountry "HUN"]
[Source "chess.hu"]
[WhiteTeam "Marcali VSZSE"]
[BlackTeam "Decs 1990"]
[WhiteTeamCountry "HUN"]
[BlackTeamCountry "HUN"]

1. d4 Nf6 2. c4 Nc6 3. Nf3 d6 4. e3 e5 5. dxe5 Nxe5 6. Be2 Bf5 7. O-O c6 8. b4 Be7 9. Qb3 O-O 10. Rd1 Qc7 11. Bb2 h6 12. Nc3 Rad8 13. Rac1 Ne4 14. Nd4 Bh7 15. f3 Nxc3 16. Bxc3 Bf6 17. e4 Bg5 18. Bd2 Bxd2 19. Rxd2 Qe7 20. Rcd1 Qg5 21. g3 Qe7 22. Kg2 g5 23. g4 Kh8 24. Nc2 Ng6 25. Qc3+ f6 26. Ne3 Nf4+ 27. Kg3 Rfe8 28. Ng2 Nxe2+ 29. Rxe2 Qe5+ 30. Qxe5 fxe5 31. Red2 Re6 32. Ne3 Kg8 33. c5 Kf7 34. Nf5 Bxf5 35. gxf5 Rf6 36. Rxd6 Rfxd6 37. Rxd6 Rxd6 38. cxd6 Kf6 39. Kg4 1-0

[Event "NB2 Asztalos csoport"]
[Site "Decs"]
[Date "2024.12.15"]
[Round "4.12"]
[White "Papp, Csaba Dr."]
[Black "Nagy, Balazs"]
[Result "1-0"]
[WhiteElo "1991"]
[BlackElo "1829"]
[PlyCount "111"]
[GameId "2123391601776842"]
[EventDate "2024.11.03"]
[EventType "team-tourn"]
[EventRounds "9"]
[EventCountry "HUN"]
[Source "chess.hu"]
[WhiteTeam "Decs 1990"]
[BlackTeam "Marcali VSZSE"]
[WhiteTeamCountry "HUN"]
[BlackTeamCountry "HUN"]

1. e4 c6 2. d4 d5 3. Nc3 dxe4 4. Nxe4 Nd7 5. Qe2 Ngf6 6. c3 Nxe4 7. Qxe4 Nf6 8. Qc2 e6 9. Nf3 Qc7 10. Bd3 Be7 11. Ne5 O-O 12. Bf4 Bd6 13. O-O-O b6 14. Rhe1 Bb7 15. Bg5 Be7 16. Bxf6 Bxf6 17. Bxh7+ Kh8 18. f4 Bxe5 19. Rxe5 f5 20. Bg6 Rf6 21. Bh5 Rh6 22. Qe2 c5 23. g4 g6 24. Rxe6 Qxf4+ 25. Rd2 gxh5 26. Re8+ Rxe8 27. Qxe8+ Kg7 28. Qe7+ Kg8 29. Qxb7 hxg4 30. Qa8+ Kg7 31. Qxa7+ Kg8 32. Qa8+ Kg7 33. Qb7+ Kf8 34. Qc8+ Kf7 35. Qd7+ Kf8 36. dxc5 bxc5 37. Qc8+ Kf7 38. Qb7+ Ke8 39. Kd1 Rd6 40. Qb8+ Ke7 41. Qxd6+ Qxd6 42. Rxd6 Kxd6 43. Ke2 f4 44. Kd3 Kd5 45. c4+ Ke5 46. b3 Kf5 47. Ke2 Kg5 48. a4 Kh4 49. a5 Kh3 50. a6 f3+ 51. Ke3 g3 52. hxg3 Kxg3 53. a7 f2 54. Ke2 Kg2 55. a8=Q+ Kg1 56. Qg8+ 1-0

[Event "NB2 Asztalos csoport"]
[Site "Nagyatad"]
[Date "2024.12.15"]
[Round "4.1"]
[White "Majnay, Peter"]
[Black "Vrban, Mladen"]
[Result "0-1"]
[WhiteElo "1961"]
[BlackElo "2283"]
[PlyCount "188"]
[GameId "2124063983140791"]
[EventDate "2024.11.03"]
[EventType "team-tourn"]
[EventRounds "9"]
[EventCountry "HUN"]
[Source "chess.hu"]
[WhiteTeam "Komloi BSK II."]
[BlackTeam "Sakk Egylet Nagyatad"]
[WhiteTeamCountry "HUN"]
[BlackTeamCountry "HUN"]

1. Nf3 d6 2. d4 Nf6 3. g3 g6 4. Bg2 Bg7 5. O-O O-O 6. b3 Bg4 7. h3 Bxf3 8. Bxf3 Nc6 9. Bb2 Nd7 10. Bg2 e5 11. dxe5 Ndxe5 12. Kh1 Re8 13. e4 a5 14. f4 Nd7 15. Bxg7 Kxg7 16. Nc3 Nb6 17. Nb5 Nd7 18. Nd4 Nxd4 19. Qxd4+ Kg8 20. Rad1 Nb6 21. c4 Qe7 22. Rfe1 f6 23. Qc3 Ra7 24. Rd2 Nd7 25. Rde2 Qg7 26. Qd4 b6 27. Qd5+ Kh8 28. h4 Qg8 29. Qd4 Qe6 30. Kh2 Re7 31. Bh3 Qf7 32. Bxd7 Rxd7 33. Rd2 Ra8 34. a4 Re8 35. Rde2 Rde7 36. Kg2 Kg8 37. Kf3 Re5 38. Kg2 Rc5 39. Qe3 Qe6 40. Qc3 Re7 41. Qd4 Kf7 42. Qd1 Qd7 43. Re3 Qe8 44. R1e2 Qc6 45. Kh2 Qe8 46. Qd4 Qd7 47. Qd1 Ke8 48. Rd3 Qe6 49. Rd5 Rxd5 50. cxd5 Qd7 51. Qd4 Kf7 52. e5 dxe5 53. fxe5 fxe5 54. Rxe5 Rxe5 55. Qxe5 Qd6 56. Qh8 h5 57. Qd4 Ke7 58. Qg7+ Kd8 59. Qg8+ Kd7 60. Kg2 Qf6 61. Qa8 Qb2+ 62. Kh3 Qc2 63. Qg8 Qe4 64. Kh2 Ke7 65. Qc8 Qe2+ 66. Kh3 Qf1+ 67. Kh2 Qf2+ 68. Kh1 Qf1+ 69. Kh2 Qe2+ 70. Kh3 Qe5 71. Qg8 Qe4 72. Kh2 Kd7 73. Kg1 Qd4+ 74. Kh2 Qb2+ 75. Kh3 Qf6 76. Qa8 Qf5+ 77. Kg2 Qc2+ 78. Kh3 Kd6 79. Qd8+ Ke5 80. Qe8+ Kd4 81. Qh8+ Ke3 82. Qe5+ Qe4 83. Qc3+ Ke2 84. Qb2+ Kd1 85. Qa1+ Kc2 86. Qa2+ Kc3 87. Qa1+ Kxb3 88. Qd1+ Kb4 89. Kh2 Kc3 90. Qa1+ Kb3 91. Qf6 Qc2+ 92. Kg1 Qb1+ 93. Kf2 Qb2+ 94. Qxb2+ Kxb2 0-1

[Event "NB2 Asztalos csoport"]
[Site "Nagyatad"]
[Date "2024.12.15"]
[Round "4.2"]
[White "Matko, Ognjen"]
[Black "Lantos, Levente"]
[Result "1/2-1/2"]
[WhiteElo "2244"]
[BlackElo "2052"]
[PlyCount "65"]
[GameId "2124064029982675"]
[EventDate "2024.11.03"]
[EventType "team-tourn"]
[EventRounds "9"]
[EventCountry "HUN"]
[Source "chess.hu"]
[WhiteTeam "Sakk Egylet Nagyatad"]
[BlackTeam "Komloi BSK II."]
[WhiteTeamCountry "HUN"]
[BlackTeamCountry "HUN"]

1. e4 c5 2. Nf3 d6 3. Bb5+ Bd7 4. Bxd7+ Qxd7 5. c4 Nc6 6. Nc3 e5 7. O-O Nge7 8. a3 g6 9. b4 Bg7 10. b5 Nd4 11. d3 O-O 12. Bg5 f6 13. Be3 h6 14. a4 f5 15. Bxd4 exd4 16. Nd5 fxe4 17. dxe4 Nxd5 18. exd5 Rf4 19. Qd3 Raf8 20. Rae1 Qg4 21. Nd2 Be5 22. g3 R4f5 23. Re4 Qg5 24. h4 Qh5 25. f4 Bg7 26. Kg2 g5 27. Kh3 Bf6 28. fxg5 Rxf1 29. Qxf1 Bxg5 30. Qe2 Qxe2 31. Rxe2 Bxd2 32. Rxd2 Rf3 33. Kg4 1/2-1/2

[Event "NB2 Asztalos csoport"]
[Site "Nagyatad"]
[Date "2024.12.15"]
[Round "4.3"]
[White "Juhasz, Zoltan"]
[Black "Horvath, Attila"]
[Result "1-0"]
[WhiteElo "1935"]
[BlackElo "2105"]
[PlyCount "99"]
[GameId "2124064069529571"]
[EventDate "2024.11.03"]
[EventType "team-tourn"]
[EventRounds "9"]
[EventCountry "HUN"]
[Source "chess.hu"]
[WhiteTeam "Komloi BSK II."]
[BlackTeam "Sakk Egylet Nagyatad"]
[WhiteTeamCountry "HUN"]
[BlackTeamCountry "HUN"]

1. e4 e6 2. d4 a6 3. Nc3 b5 4. a3 Bb7 5. Nf3 Nf6 6. e5 Nd5 7. Bd3 Nxc3 8. bxc3 Be7 9. O-O d6 10. exd6 cxd6 11. c4 bxc4 12. Bxc4 Nd7 13. Qd3 Qc7 14. Bb3 h6 15. Re1 O-O 16. Bd2 Bf6 17. c3 Rfc8 18. Bc2 Nf8 19. Rab1 Bc6 20. Rec1 Re8 21. Bd1 e5 22. Qc4 d5 23. Qb3 Rab8 24. Qa2 e4 25. Ne1 Qd7 26. Rxb8 Rxb8 27. Bf4 Rb7 28. a4 Ng6 29. Be3 Nf8 30. h3 Ne6 31. Ra1 Qd8 32. Rb1 Qb8 33. Rxb7 Qxb7 34. Qb3 Nd8 35. Bf4 Qxb3 36. Bxb3 Nb7 37. Bc7 Bd8 38. Bxd8 Nxd8 39. Nc2 Nb7 40. Nb4 Bd7 41. Bxd5 Na5 42. Nxa6 Bxa4 43. Nc5 Be8 44. Nxe4 Kf8 45. Nd6 Ke7 46. Nxe8 Kxe8 47. Kf1 Ke7 48. Ke2 f6 49. Kd3 Kd6 50. Bf3 1-0